Kaivilakku / (Record no. 6652)
[ view plain ]
| 000 -LEADER | |
|---|---|
| fixed length control field | 00457cam a2200193ua 4500 |
| 041 ## - LANGUAGE CODE | |
| Language code of text/sound track or separate title | mal |
| 082 ## - DEWEY DECIMAL CLASSIFICATION NUMBER | |
| Classification number | 894.81209 |
| Item number | KUT/KA |
| 100 ## - MAIN ENTRY--AUTHOR NAME | |
| Personal name | Kuttikrishna, Marar . |
| 245 ## - TITLE STATEMENT | |
| Title | Kaivilakku / |
| 250 ## - EDITION STATEMENT | |
| Edition statement | 1 / |
| 260 ## - PUBLICATION, DISTRIBUTION, ETC. (IMPRINT) | |
| Place of publication | Thrissur : |
| Name of publisher | Current Books , |
| Year of publication | 1965. |
| 300 ## - PHYSICAL DESCRIPTION | |
| Number of Pages | 132 ; . |
| 942 ## - ADDED ENTRY ELEMENTS (KOHA) | |
| Koha item type | Books |
| Withdrawn status | Lost status | Damaged status | Home library | Current library | Date acquired | Full call number | Accession Number | Koha item type | Public note |
|---|---|---|---|---|---|---|---|---|---|
| Withdrawn | KAUAET | Central Prison Tavanur | 07/04/2012 | 894.81209 | 9000 | Books | Transferred to Central Prison | ||
| Withdrawn | Damaged | KAUAET | KAUAET | 16/01/2021 | 894.81209 KUT/KA | 1594 | Books | ||
| Withdrawn | Damaged | KAUAET | Malayalam University | 07/04/2012 | 894.81209 | 8999 | Books | Transferred to Malayalam University |
